[Event "Lagos City Asibor Memorial 2nd"]
[Site "Lagos City"]
[Date "2024.01.27"]
[Round "5"]
[White "Aikhoje, Odion"]
[Black "Eyetonghan, Denyefa Callistus"]
[Result "0-1"]
[WhiteElo "2218"]
[BlackElo "2156"]
[PlyCount "72"]
[EventDate "2024.01.25"]
[EventType "swiss"]
[EventRounds "7"]
[EventCountry "NGR"]
[SourceTitle "CB05_2024"]
[SourceDate "2024.01.31"]
[SourceVersion "1"]
[SourceVersionDate "2024.01.31"]
[SourceQuality "1"]

1. Nf3 Nf6 2. d4 g6 3. Bf4 Bg7 4. h3 d6 5. Nbd2 0-0 6. e3 c5 7. c3 Nc6 8. Be2 a6 9. dxc5 dxc5 10. Qc2 b5 11. 0-0 Nd5 12. Bh2 Bb7 13. Rfd1 Qb6 14. c4 Ndb4 15. Qb1 Na5 16. a3 Nbc6 17. Qc2 b4 18. Rab1 Rad8 19. Nf1 b3 20. Qc1 Bc8 21. Ra1 Bf5 22. Ne1 Rxd1 23. Bxd1 Nxc4 24. Qxc4 Bxb2 25. Bxb3 Bxa1 26. Ba4 Bf6 27. Nd3 Bxd3 28. Qxd3 Rd8 29. Qe4 Na7 30. g4 Nb5 31. Qf3 c4 32. Bf4 Qc5 33. Qb7 Nc3 34. Bc6 Ne2+ 35. Kg2 Nxf4+ 36. exf4 Bh4 0-1

[Event "Lagos City Asibor Memorial 2nd"]
[Site "Lagos City"]
[Date "2024.01.25"]
[Round "2"]
[White "Eyetonghan, Denyefa Callistus"]
[Black "Ajibola, Olanrewaju"]
[Result "1-0"]
[WhiteElo "2156"]
[BlackElo "2200"]
[PlyCount "96"]
[EventDate "2024.01.25"]
[EventType "swiss"]
[EventRounds "7"]
[EventCountry "NGR"]
[SourceTitle "CB05_2024"]
[SourceDate "2024.01.31"]
[SourceVersion "1"]
[SourceVersionDate "2024.01.31"]
[SourceQuality "1"]

1. d4 d5 2. c4 dxc4 3. e4 b5 4. a4 c6 5. b3 e5 6. Nf3 Bb4+ 7. Bd2 Qa5 8. bxc4 Bxd2+ 9. Qxd2 Qxd2+ 10. Nbxd2 exd4 11. cxb5 c5 12. Nb3 Nd7 13. Rc1 Bb7 14. Nxc5 Nxc5 15. Rxc5 Rd8 16. Bd3 Nf6 17. 0-0 Rd7 18. Rfc1 0-0 19. Ne5 Rd6 20. f3 Ne8 21. a5 Rd8 22. a6 Ba8 23. Rc8 Nd6 24. Rxd8 Rxd8 25. Rc7 f6 26. Nd7 Nc8 27. Nc5 Nb6 28. Ne6 Rd7 29. Rxd7 Nxd7 30. Nxd4 Nb6 31. Kf2 Kf7 32. Ke3 g6 33. Nb3 Ke7 34. Kd4 Kd6 35. Na5 Nd7 36. Nc4+ Ke6 37. Bc2 g5 38. Bb3 Ke7 39. Ne3 Kd6 40. Bd5 Nb6 41. Bxa8 Nxa8 42. Nd5 Ke6 43. Kc5 f5 44. exf5+ Kxf5 45. Kc6 Ke5 46. Kb7 Kxd5 47. Kxa8 Kc5 48. Kxa7 Kd5 1-0

[Event "Lagos South West op"]
[Site "Lagos"]
[Date "2023.07.15"]
[Round "7"]
[White "Eyetonghan, Denyefa Callistus"]
[Black "Oladele, Oluwole"]
[Result "1/2-1/2"]
[WhiteElo "2163"]
[BlackElo "1947"]
[PlyCount "83"]
[EventDate "2023.07.12"]
[EventType "swiss"]
[EventRounds "9"]
[EventCountry "NGR"]
[SourceTitle "CBM 215 Extra"]
[Source "ChessBase"]
[SourceDate "2023.09.30"]
[SourceVersion "1"]
[SourceVersionDate "2023.09.30"]
[SourceQuality "1"]

1. d4 Nf6 2. c4 e6 3. Nc3 Bb4 4. Qc2 Nc6 5. Nf3 d6 6. Bd2 0-0 7. a3 Bxc3 8. Bxc3 Qe7 9. e3 e5 10. dxe5 dxe5 11. b4 e4 12. Nd2 Re8 13. h3 Bf5 14. Be2 Bg6 15. Qb2 Nd7 16. h4 Nce5 17. Nb3 Bh5 18. Nd4 Bxe2 19. Qxe2 Nd3+ 20. Kf1 N7e5 21. Rd1 Qd7 22. Rh3 Rad8 23. Rg3 f6 24. c5 Kh8 25. Qa2 Ng4 26. Rd2 Nh6 27. Qc4 Nf5 28. Nxf5 Qxf5 29. Qf7 Rg8 30. Qxc7 Rd7 31. Qa5 Qh5 32. Rh3 Rd5 33. Qc7 Rf5 34. Kg1 Nxf2 35. Rg3 Nd3 36. Rxg7 Rxg7 37. Qd8+ Rg8 38. Bxf6+ Rxf6 39. Qxf6+ Rg7 40. Qd8+ Rg8 41. Qf6+ Rg7 42. Qd8+ 1/2-1/2

[Event "Online Olym Div4 C"]
[Site "Chess.com INT"]
[Date "2020.08.02"]
[Round "7.4"]
[White "Eyetonghan, Denyefa Callistus"]
[Black "Abdalla, Mansoor Abdalla"]
[Result "1-0"]
[WhiteElo "2048"]
[BlackElo "1781"]
[PlyCount "61"]
[EventDate "2020.07.31"]
[EventType "team-tourn (rapid)"]
[EventRounds "9"]
[EventCountry "USA"]
[SourceTitle "CBM 198"]
[Source "ChessBase"]
[SourceDate "2020.10.31"]
[SourceVersion "1"]
[SourceVersionDate "2020.10.31"]
[SourceQuality "1"]
[WhiteTeam "Nigeria"]
[BlackTeam "Sudan"]
[WhiteTeamCountry "NGR"]
[BlackTeamCountry "SUD"]

1. d4 d5 2. c4 e5 3. dxe5 d4 4. Nf3 Nc6 5. e3 Bb4+ 6. Bd2 dxe3 7. fxe3 Bxd2+ 8. Nbxd2 Nge7 9. Be2 Ng6 10. 0-0 Ngxe5 11. Qa4 0-0 12. Rad1 Qe7 13. Nd4 Ng4 14. Bxg4 Qxe3+ 15. Kh1 Bxg4 16. N4f3 Rad8 17. Rde1 Qh6 18. c5 Qh5 19. Ne4 f5 20. Neg5 Bxf3 21. Nxf3 Rb8 22. Qf4 Qf7 23. b4 a5 24. b5 Nb4 25. Ng5 Qxa2 26. Qxc7 Rbe8 27. Re7 Rxe7 28. Qxe7 Qc4 29. Re1 Nd3 30. Ne6 Nf2+ 31. Kg1 1-0

[Event "Online Olym Div4 C"]
[Site "Chess.com INT"]
[Date "2020.08.02"]
[Round "9.3"]
[White "Eyetonghan, Denyefa Callistus"]
[Black "Abderrahim Taleb, Mohamed"]
[Result "0-1"]
[WhiteElo "2048"]
[BlackElo "1811"]
[PlyCount "122"]
[EventDate "2020.07.31"]
[EventType "team-tourn (rapid)"]
[EventRounds "9"]
[EventCountry "USA"]
[SourceTitle "CBM 198"]
[Source "ChessBase"]
[SourceDate "2020.10.31"]
[SourceVersion "1"]
[SourceVersionDate "2020.10.31"]
[SourceQuality "1"]
[WhiteTeam "Nigeria"]
[BlackTeam "Mauritania"]
[WhiteTeamCountry "NGR"]
[BlackTeamCountry "MAU"]

1. d4 Nf6 2. c4 e6 3. Nc3 d5 4. cxd5 exd5 5. Bg5 c6 6. Qc2 Bd6 7. e3 Nbd7 8. Bd3 h6 9. Bh4 0-0 10. Nge2 Qc7 11. Bg3 a5 12. Rc1 Bxg3 13. hxg3 Qd6 14. Nf4 Re8 15. Kf1 Nf8 16. Na4 Ne6 17. Nh5 Ng5 18. Nxf6+ Qxf6 19. Rh4 Ne6 20. Nb6 Rb8 21. Qc3 a4 22. Nxa4 b5 23. Nc5 Nxc5 24. Qxc5 g5 25. Rh2 Rxe3 26. Rxh6 Qxh6 27. fxe3 g4 28. Qe7 Be6 29. Re1 Kg7 30. Ke2 Qf6 31. Qd6 Rh8 32. Rf1 Qg5 33. Qxc6 Rh2 34. Rf2 Rh1 35. Qxb5 Qh6 36. Qb8 Qh2 37. Qe5+ Kg8 38. Qg5+ Kf8 39. Qd8+ Kg7 40. Qa5 Qg1 41. Bc2 Rh2 42. Qd8 Rxg2 43. Qf6+ Kg8 44. Rxg2 Qxg2+ 45. Qf2 Qh1 46. Kd2 Qa1 47. Qf4 Qxb2 48. Qg5+ Kf8 49. Qd8+ Kg7 50. Qa5 Qb8 51. a4 Qxg3 52. Bd1 Qf2+ 53. Be2 g3 54. Qc7 g2 55. Qe5+ f6 56. Qc7+ Kg6 57. Qe7 g1Q 58. Qxe6 Qge1+ 59. Kc2 Qfxe2+ 60. Kb3 Qc4+ 61. Kb2 Qec1# 0-1

[Event "Online Olym Div4 C"]
[Site "Chess.com INT"]
[Date "2020.08.01"]
[Round "5.5"]
[White "Eyetonghan, Denyefa Callistus"]
[Black "Malinga, Lunga"]
[Result "1-0"]
[WhiteElo "2048"]
[BlackElo "1571"]
[PlyCount "113"]
[EventDate "2020.07.31"]
[EventType "team-tourn (rapid)"]
[EventRounds "9"]
[EventCountry "USA"]
[SourceTitle "CBM 198"]
[Source "ChessBase"]
[SourceDate "2020.10.31"]
[SourceVersion "1"]
[SourceVersionDate "2020.10.31"]
[SourceQuality "1"]
[WhiteTeam "Nigeria"]
[BlackTeam "Swaziland"]
[WhiteTeamCountry "NGR"]
[BlackTeamCountry "SWA"]

1. Nf3 Nf6 2. g3 c6 3. d4 d5 4. c4 Bf5 5. Bg2 e6 6. Nc3 Nbd7 7. 0-0 Be7 8. Ne5 0-0 9. cxd5 exd5 10. Bg5 Re8 11. Re1 Qc7 12. Nxd7 Qxd7 13. Qd2 Ne4 14. Nxe4 Bxe4 15. f3 Bxg5 16. Qxg5 Bg6 17. Rad1 Re7 18. e4 dxe4 19. fxe4 Rae8 20. d5 Bxe4 21. dxc6 Qxc6 22. Qe3 f5 23. Qb3+ Kf8 24. Bxe4 Rxe4 25. Rxe4 Rxe4 26. Rd8+ Ke7 27. Rd1 h6 28. Qg8 Rg4 29. Qd8+ Kf7 30. Rd7+ Kg6 31. Rd6+ Kh7 32. Rxc6 bxc6 33. Qc8 Rb4 34. Qxf5+ Kg8 35. Qc8+ Kh7 36. b3 Rb6 37. Qc7 Ra6 38. a4 Rb6 39. Qxa7 Rxb3 40. a5 Rb1+ 41. Kg2 Rc1 42. a6 c5 43. Qe7 c4 44. a7 Ra1 45. a8Q Rxa8 46. Qe4+ Kh8 47. Qxa8+ Kh7 48. Qe4+ Kh8 49. Qxc4 Kh7 50. Kf3 Kg6 51. Kg4 h5+ 52. Kf4 Kh6 53. Qe6+ g6 54. Qf6 Kh7 55. Kg5 Kg8 56. Kxg6 h4 57. Qg7# 1-0

[Event "Online Olym Div4 C"]
[Site "Chess.com INT"]
[Date "2020.07.31"]
[Round "1.4"]
[White "Abrha, Robel Brhane"]
[Black "Eyetonghan, Denyefa Callistus"]
[Result "0-1"]
[WhiteElo "2033"]
[BlackElo "2048"]
[PlyCount "96"]
[EventDate "2020.07.31"]
[EventType "team-tourn (rapid)"]
[EventRounds "9"]
[EventCountry "USA"]
[SourceTitle "CBM 198"]
[Source "ChessBase"]
[SourceDate "2020.10.31"]
[SourceVersion "1"]
[SourceVersionDate "2020.10.31"]
[SourceQuality "1"]
[WhiteTeam "Ethiopia"]
[BlackTeam "Nigeria"]
[WhiteTeamCountry "ETH"]
[BlackTeamCountry "NGR"]

1. e4 c6 2. d4 d5 3. e5 c5 4. c3 Nc6 5. Nf3 Bg4 6. Be2 e6 7. 0-0 Qb6 8. h3 Bxf3 9. Bxf3 cxd4 10. cxd4 Nxd4 11. Nc3 Nxf3+ 12. Qxf3 Ne7 13. b3 Ng6 14. Re1 Bb4 15. Bb2 0-0 16. Re2 Rac8 17. Na4 Qa6 18. a3 Be7 19. Nc3 Rfd8 20. Rae1 Nh4 21. Qg4 Nf5 22. b4 Rc4 23. Qf3 Nd4 24. Qd3 Nxe2+ 25. Rxe2 Rdc8 26. Re1 Rxc3 27. Qxc3 Rxc3 28. Bxc3 Qd3 29. Re3 Qd1+ 30. Be1 Bg5 31. Kf1 Bxe3 32. fxe3 Qa1 33. Kf2 Qxa3 34. Kf3 d4 35. Bd2 Qd3 36. Bc1 Qd1+ 37. Ke4 Qxc1 38. exd4 Qc6+ 39. d5 exd5+ 40. Kd4 Qc4+ 41. Ke3 d4+ 42. Kd2 Qc3+ 43. Ke2 Qe3+ 44. Kf1 d3 45. g4 Qf3+ 46. Kg1 d2 47. Kh2 d1R 48. g5 Rh1# 0-1

[Event "Online Olym Div4 C"]
[Site "Chess.com INT"]
[Date "2020.07.31"]
[Round "3.5"]
[White "Tsephe, Lebajoa"]
[Black "Eyetonghan, Denyefa Callistus"]
[Result "1/2-1/2"]
[WhiteElo "1698"]
[BlackElo "2048"]
[PlyCount "110"]
[EventDate "2020.07.31"]
[EventType "team-tourn (rapid)"]
[EventRounds "9"]
[EventCountry "USA"]
[SourceTitle "CBM 198"]
[Source "ChessBase"]
[SourceDate "2020.10.31"]
[SourceVersion "1"]
[SourceVersionDate "2020.10.31"]
[SourceQuality "1"]
[WhiteTeam "Lesotho"]
[BlackTeam "Nigeria"]
[WhiteTeamCountry "LES"]
[BlackTeamCountry "NGR"]

1. Nf3 Nf6 2. d3 d5 3. c4 dxc4 4. Qa4+ Nbd7 5. Qxc4 e6 6. g3 Be7 7. Bg2 0-0 8. 0-0 h6 9. a3 Nb6 10. Qc2 a5 11. Nc3 Nfd5 12. Bd2 Nxc3 13. Bxc3 Nd5 14. Bd2 Bf6 15. Rac1 c6 16. e4 Nb6 17. b4 axb4 18. Bxb4 Be7 19. Rb1 Bxb4 20. axb4 Qf6 21. b5 Nd7 22. bxc6 bxc6 23. Qxc6 Ra6 24. Qc7 Qd8 25. Rfc1 Nf6 26. Rb8 Qxc7 27. Rxc7 Ra1+ 28. Bf1 Ba6 29. Rxf8+ Kxf8 30. Ra7 Nxe4 31. Ne5 Nd2 32. Kg2 Nxf1 33. Nd7+ Ke7 34. Nc5+ Kf6 35. Rxa6 Rxa6 36. Nxa6 Nd2 37. Nc5 Ke5 38. f4+ Kd4 39. Nd7 f6 40. Nf8 e5 41. fxe5 fxe5 42. Ne6+ Kxd3 43. Nxg7 e4 44. Ne6 e3 45. h4 e2 46. Nf4+ Ke3 47. Kh3 Nf3 48. Kg4 Nd4 49. Nxe2 Kxe2 50. Kh5 Kf3 51. g4 Kf4 52. g5 hxg5 53. hxg5 Kf5 54. Kh6 Ne6 55. g6 Kf6 1/2-1/2